000 00582nam a22001817a 4500
005 20170314103021.0
008 170314b2005 mx ||||| |||| 00| 0dspa d
020 _a9700755479
050 0 4 _aKGF3795
_bG37 2005
100 1 _aGarcía Ramírez, Sergio,
_eautor
245 1 0 _aElementos de derecho procesal agrario /
_cSergio Gracía Ramírez.
250 _aCuarta edición
260 _aMéxico :
_bPorrúa,
_cc2005
300 _axxviii, 668 páginas ;
_c24 cm.
504 _abibligrafía : p. 657-668
650 7 _2lemb
_aTribunales y procesos agrarios
_zMéxico
942 _2lcc
_cLIB
999 _c130385
_d130385